| 000 | 00826nam a22002177a 4500 | ||
|---|---|---|---|
| 999 |
_c61669 _d61669 |
||
| 005 | 20240415173213.0 | ||
| 008 | 240415s2008 enk||||| |||| 00| 0 eng d | ||
| 020 | _a9781416029991x | ||
| 041 | _aend | ||
| 080 | _a616.5 D-45 | ||
| 245 |
_aDermatology: _bOne Volume / _cJean L. Bolognia, Joseph L. Jorizzo, Ronald P. Rapini, Julie V. Schaffer. |
||
| 264 |
_aNew York : _bMosby, _c2008. |
||
| 300 |
_a1319 p. : _bill.; _c29 cm. |
||
| 653 | _aდერმატოლოგია | ||
| 653 | _aმედიცინა | ||
| 700 |
_aBolognia, Jean L. _eრედაქტორი _921792 |
||
| 700 |
_aJorizzo, Joseph L. _eრედაქტორი _921793 |
||
| 700 |
_aRapini, Ronald P. _eრედაქტორი _921794 |
||
| 700 |
_aSchaffer, Julie V. _eრედაქტორი _921795 |
||
| 942 |
_2udc _cBK |
||